Financial accounting: the impact on decsion makers. / (Record no. 2831)
[ view plain ]
| 000 -LEADER | |
|---|---|
| fixed length control field | 01095nam a22001937a 4500 |
| 008 - FIXED-LENGTH DATA ELEMENTS--GENERAL INFORMATION | |
| fixed length control field | 140410b xxu||||| |||| 00| 0 eng d |
| 020 ## - INTERNATIONAL STANDARD BOOK NUMBER | |
| International Standard Book Number | 9780324655230 |
| 050 ## - LIBRARY OF CONGRESS CALL NUMBER | |
| Classification number | HF5636 |
| Item number | .P67 |
| 100 ## - MAIN ENTRY--PERSONAL NAME | |
| Personal name | Porter,Gary A. |
| 245 ## - TITLE STATEMENT | |
| Title | Financial accounting: the impact on decsion makers. / |
| Statement of responsibility, etc. | Gary A. Porter and Curtis L. Norton. |
| 250 ## - EDITION STATEMENT | |
| Edition statement | 6th ed. |
| 260 ## - PUBLICATION, DISTRIBUTION, ETC. | |
| Place of publication, distribution, etc. | Australia |
| Name of publisher, distributor, etc. | South Western Cengage Learning, |
| Date of publication, distribution, etc. | 2009. |
| 300 ## - PHYSICAL DESCRIPTION | |
| Extent | Xxvii,718p.: |
| Other physical details | ill. |
| Dimensions | 27.5cm. |
| 500 ## - GENERAL NOTE | |
| General note | Includes index. |
| 505 ## - FORMATTED CONTENTS NOTE | |
| Formatted contents note | Contents: Accounting as a form of communication -- Financial statements and the annual Report -- Processing Accounting Information -- Income measurement and Accrual accounting -- Inventories and Cost of goods sold -- Cash and Internal control -- Receivables and Investments -- Operating assests:Property, Plants, and Equipment,and Intangibles -- Current liabilities, contingencies, and the Time value of money -- Long-term liabilities -- Stockholders' equity -- The Statement of cash flows -- Financial statement analysis. |
| 650 ## - SUBJECT ADDED ENTRY--TOPICAL TERM | |
| Topical term or geographic name entry element | Accounting |
| 700 ## - ADDED ENTRY--PERSONAL NAME | |
| Personal name | Norton, curtis L. |
| 942 ## - ADDED ENTRY ELEMENTS (KOHA) | |
| Source of classification or shelving scheme | Library of Congress Classification |
| Koha item type | Books |
| Withdrawn status | Lost status | Source of classification or shelving scheme | Damaged status | Not for loan | Home library | Current library | Shelving location | Date acquired | Total Checkouts | Full call number | Barcode | Date last seen | Copy number | Price effective from | Koha item type |
|---|---|---|---|---|---|---|---|---|---|---|---|---|---|---|---|
| Library of Congress Classification | WISCONSIN INTERNATIONAL UNIVERSITY COLLEGE, GHANA - MAIN LIBRARY | WISCONSIN INTERNATIONAL UNIVERSITY COLLEGE, GHANA - MAIN LIBRARY | CC | 10/04/2014 | HF5636 .P67 | 811/004/13 | 10/04/2014 | 2 | 10/04/2014 | Books | |||||
| Library of Congress Classification | WISCONSIN INTERNATIONAL UNIVERSITY COLLEGE, GHANA - MAIN LIBRARY | WISCONSIN INTERNATIONAL UNIVERSITY COLLEGE, GHANA - MAIN LIBRARY | CC | 10/04/2014 | HF5636 .P671 | 812/005/13 | 10/04/2014 | 2 | 10/04/2014 | Books |
